[Event "Tournoi MI ECAM LaSalle Lyon 2024"]
[Site "France, Lyon"]
[Date "2024.04.23"]
[Round "2.5"]
[White "Waldhausen Gordon, Frederick"]
[Black "Song, Julien"]
[Result "1-0"]
[WhiteElo "2362"]
[BlackElo "2311"]
[PlyCount "139"]
[EventDate "2024.04.??"]
[EventType "tourn"]

1. d4 Nf6 {[%emt 0:00:08]} 2. c4 {[%emt 0:00:03]} e6 {[%emt 0:00:06]} 3. Nf3 {
[%emt 0:00:04]} d5 {[%emt 0:00:10]} 4. Nc3 {[%emt 0:00:04]} c6 {[%emt 0:00:11]}
5. e3 {[%emt 0:00:05]} Nbd7 {[%emt 0:00:17]} 6. Be2 {[%emt 0:00:08]} Bd6 {
[%emt 0:00:44]} 7. O-O {[%emt 0:00:10]} O-O {[%emt 0:01:52]} 8. b3 {
[%emt 0:00:07]} e5 {[%emt 0:08:12]} 9. dxe5 {[%emt 0:03:50]} Nxe5 {
[%emt 0:00:19]} 10. cxd5 {[%emt 0:01:43]} Nxf3+ {[%emt 0:02:04]} 11. Bxf3 {
[%emt 0:00:42]} Be5 {[%emt 0:00:10]} 12. Bb2 {[%emt 0:04:29]} Nxd5 {
[%emt 0:00:28]} 13. Bxd5 {[%emt 0:00:39]} cxd5 {[%emt 0:00:13]} 14. Na4 {
[%emt 0:00:32]} Bxb2 {[%emt 0:00:14]} 15. Nxb2 {[%emt 0:00:10]} Qg5 {
[%emt 0:00:12]} 16. Qf3 {[%emt 0:04:48]} h6 {[%emt 0:01:00]} 17. Rac1 {
[%emt 0:08:53]} Bf5 {[%emt 0:35:06]} 18. Qxd5 {[%emt 0:09:29]} Qg6 {
[%emt 0:00:11]} 19. Qe5 {[%emt 0:05:20]} Be4 {[%emt 0:07:20]} 20. f3 {
[%emt 0:03:48]} Bc6 {[%emt 0:00:30]} 21. Qf4 {[%emt 0:01:13]} Rad8 {
[%emt 0:10:12]} 22. Rfd1 {[%emt 0:04:37]} Rxd1+ {[%emt 0:00:42]} 23. Rxd1 {
[%emt 0:00:37]} Qc2 {[%emt 0:00:13]} 24. Qd4 {[%emt 0:00:12]} Re8 {
[%emt 0:04:02]} 25. Rd2 {[%emt 0:00:27]} Qc1+ {[%emt 0:14:49]} 26. Nd1 {
[%emt 0:01:23]} Re5 {[%emt 0:02:34]} 27. Qb2 {[%emt 0:07:24]} Qc5 {
[%emt 0:03:20]} 28. Rd4 {[%emt 0:04:04]} f5 {[%emt 0:02:22]} 29. Qd2 {
[%emt 0:01:28]} Qe7 {[%emt 0:02:29]} 30. Kf2 {[%emt 0:01:51]} Kh7 {
[%emt 0:00:21]} 31. Nb2 {[%emt 0:02:17]} Qf7 {[%emt 0:03:35]} 32. Nc4 {
[%emt 0:01:29]} Re7 {[%emt 0:00:11]} 33. Qa5 {[%emt 0:05:25]} Qh5 {
[%emt 0:00:42]} 34. Qc5 {[%emt 0:01:09]} Re6 {[%emt 0:00:31]} 35. h4 {
[%emt 0:01:01]} b6 {[%emt 0:00:49]} 36. Qf8 {[%emt 0:00:35]} Rf6 {
[%emt 0:00:19]} 37. Qe7 {[%emt 0:00:24]} Rf7 {[%emt 0:01:45]} 38. Qe5 {
[%emt 0:01:40]} Rf6 {[%emt 0:00:30]} 39. Nd6 {[%emt 0:01:14]} Qg6 {
[%emt 0:00:19]} 40. b4 {[%emt 0:00:54]} Re6 {[%emt 0:00:44]} 41. Qf4 {
[%emt 0:00:15]} Rf6 {[%emt 0:03:53]} 42. b5 {[%emt 0:00:27]} Bd7 {
[%emt 0:00:57]} 43. a4 {[%emt 0:01:14]} Be6 {[%emt 0:01:43]} 44. Qg3 {
[%emt 0:14:54]} Qxg3+ {[%emt 0:08:59]} 45. Kxg3 {[%emt 0:00:17]} g5 {
[%emt 0:00:10]} 46. hxg5 {[%emt 0:02:40]} hxg5 {[%emt 0:00:05]} 47. Nc4 {
[%emt 0:00:46]} Rf7 {[%emt 0:06:24]} 48. Ne5 {[%emt 0:01:55]} Rc7 {
[%emt 0:00:25]} 49. f4 {[%emt 0:01:15]} gxf4+ {[%emt 0:02:06]} 50. Kxf4 {
[%emt 0:00:17]} Rg7 {[%emt 0:04:08]} 51. Nc6 {[%emt 0:03:43]} Rxg2 {
[%emt 0:00:52]} 52. Nxa7 {[%emt 0:00:48]} Ra2 {[%emt 0:04:29]} 53. Rb4 {
[%emt 0:01:16]} Bb3 {[%emt 0:02:19]} 54. Rxb3 {[%emt 0:00:07]} Rxa4+ {
[%emt 0:00:03]} 55. Kxf5 {[%emt 0:00:05]} Rxa7 {[%emt 0:00:03]} 56. Ke6 {
[%emt 0:00:13]} Rc7 {[%emt 0:01:24]} 57. Rd3 {[%emt 0:00:17]} Rc4 {
[%emt 0:00:27]} 58. Rd6 {[%emt 0:00:21]} Re4+ {[%emt 0:00:33]} 59. Kd7 {
[%emt 0:00:12]} Rxe3 {[%emt 0:00:13]} 60. Rxb6 {[%emt 0:00:04]} Kg7 {
[%emt 0:00:15]} 61. Re6 {[%emt 0:00:23]} Rb3 {[%emt 0:00:40]} 62. Kc6 {
[%emt 0:00:20]} Kf7 {[%emt 0:00:08]} 63. Re1 {[%emt 0:00:05]} Rc3+ {
[%emt 0:00:13]} 64. Kb7 {[%emt 0:00:05]} Rb3 {[%emt 0:00:11]} 65. b6 {
[%emt 0:00:04]} Rb2 {[%emt 0:00:03]} 66. Kc7 {[%emt 0:00:03]} Rc2+ {
[%emt 0:00:08]} 67. Kb8 {[%emt 0:00:05]} Rb2 {[%emt 0:00:12]} 68. b7 {
[%emt 0:00:03]} Rb3 {[%emt 0:00:07]} 69. Rc1 {[%emt 0:00:14]} Ke7 {
[%emt 0:00:10]} 70. Kc7 {[%emt 0:00:04]} 1-0

[Event "Tournoi MI ECAM LaSalle Lyon 2024"]
[Site "France, Lyon"]
[Date "2024.04.23"]
[Round "2.1"]
[White "Prie, Eric"]
[Black "Roux, Baptiste"]
[Result "1-0"]
[WhiteElo "2335"]
[BlackElo "2361"]
[PlyCount "121"]
[EventDate "2024.04.??"]
[EventType "tourn"]

1. d4 {[%emt 0:03:55]} d5 {[%emt 0:00:15]} 2. Nf3 {[%emt 0:00:08]} Nf6 {
[%emt 0:00:06]} 3. Bf4 {[%emt 0:00:05]} e6 {[%emt 0:00:32]} 4. e3 {
[%emt 0:00:08]} c5 {[%emt 0:00:16]} 5. c3 {[%emt 0:00:43]} Nc6 {[%emt 0:00:11]}
6. Nbd2 {[%emt 0:00:15]} cxd4 {[%emt 0:00:10]} 7. exd4 {[%emt 0:02:32]} Nh5 {
[%emt 0:00:44]} 8. Be3 {[%emt 0:00:28]} Bd6 {[%emt 0:00:49]} 9. Ne5 {
[%emt 0:00:24]} g6 {[%emt 0:06:04]} 10. g4 {[%emt 0:00:32]} Ng7 {[%emt 0:03:25]
} 11. h4 {[%emt 0:02:15]} f6 {[%emt 0:04:50]} 12. Nxc6 {[%emt 0:06:50]} bxc6 {
[%emt 0:00:03]} 13. h5 {[%emt 0:00:12]} gxh5 {[%emt 0:03:49]} 14. Qc2 {
[%emt 0:20:55]} Qe7 {[%emt 0:13:15]} 15. O-O-O {[%emt 0:10:42]} hxg4 {
[%emt 0:13:26]} 16. Rxh7 {[%emt 0:02:10]} Rxh7 {[%emt 0:00:08]} 17. Qxh7 {
[%emt 0:00:15]} Nf5 {[%emt 0:11:57]} 18. Qg8+ {[%emt 0:02:24]} Kd7 {
[%emt 0:00:10]} 19. Qxg4 {[%emt 0:02:20]} Nxe3 {[%emt 0:00:12]} 20. fxe3 {
[%emt 0:00:11]} Kc7 {[%emt 0:00:44]} 21. Bd3 {[%emt 0:02:51]} f5 {
[%emt 0:07:42]} 22. Qg6 {[%emt 0:00:36]} Qh4 {[%emt 0:02:41]} 23. c4 {
[%emt 0:09:38]} Bb4 {[%emt 0:07:17]} 24. c5 {[%emt 0:14:12]} Bd7 {
[%emt 0:02:45]} 25. Qg7 {[%emt 0:03:50]} Bxd2+ {[%emt 0:10:22]} 26. Kxd2 {
[%emt 0:00:46]} Qh2+ {[%emt 0:06:07]} 27. Kc3 {[%emt 0:02:07]} Rh8 {
[%emt 0:00:41]} 28. Rd2 {[%emt 0:07:32]} Qh1 {[%emt 0:00:12]} 29. Qe5+ {
[%emt 0:01:53]} Kb7 {[%emt 0:00:02]} 30. Kc2 {[%emt 0:01:53]} Rh7 {
[%emt 0:00:04]} 31. a3 {[%emt 0:00:37]} Qg1 {[%emt 0:00:37]} 32. Be2 {
[%emt 0:00:52]} Qe1 {[%emt 0:01:25]} 33. Qd6 {[%emt 0:01:05]} Rg7 {
[%emt 0:01:18]} 34. a4 {[%emt 0:00:50]} Qg3 {[%emt 0:02:36]} 35. Qxg3 {
[%emt 0:01:05]} Rxg3 {[%emt 0:00:02]} 36. Rd3 {[%emt 0:00:09]} Kc7 {
[%emt 0:01:16]} 37. Kd2 {[%emt 0:00:13]} Rg2 {[%emt 0:00:57]} 38. Ke1 {
[%emt 0:00:50]} Bc8 {[%emt 0:00:34]} 39. Ra3 {[%emt 0:00:06]} Rg1+ {
[%emt 0:00:21]} 40. Kd2 {[%emt 0:00:11]} a5 {[%emt 0:01:25]} 41. Rc3 {
[%emt 0:00:10]} Ra1 {[%emt 0:00:28]} 42. b3 {[%emt 0:00:28]} e5 {[%emt 0:03:15]
} 43. dxe5 {[%emt 0:06:29]} Kd7 {[%emt 0:00:27]} 44. Bd1 {[%emt 0:03:31]} Ba6 {
[%emt 0:17:43]} 45. Rc1 {[%emt 0:08:55]} Rxc1 {[%emt 0:00:16]} 46. Kxc1 {
[%emt 0:00:07]} Ke6 {[%emt 0:00:32]} 47. Kd2 {[%emt 0:00:37]} Kxe5 {
[%emt 0:00:08]} 48. Bc2 {[%emt 0:00:27]} f4 {[%emt 0:04:17]} 49. exf4+ {
[%emt 0:00:12]} Kd4 {[%emt 0:02:42]} 50. f5 {[%emt 0:01:11]} Kxc5 {
[%emt 0:00:57]} 51. Ke3 {[%emt 0:00:10]} Kd6 {[%emt 0:02:35]} 52. Kf4 {
[%emt 0:00:11]} Bc8 {[%emt 0:02:45]} 53. Kg5 {[%emt 0:03:57]} Ke5 {
[%emt 0:00:33]} 54. f6 {[%emt 0:01:42]} Be6 {[%emt 0:00:01]} 55. Kg6 {
[%emt 0:00:09]} c5 {[%emt 0:00:34]} 56. f7 {[%emt 0:00:38]} Bxf7+ {
[%emt 0:00:01]} 57. Kxf7 {[%emt 0:00:09]} Kd4 {[%emt 0:01:54]} 58. Ke6 {
[%emt 0:00:29]} c4 {[%emt 0:00:20]} 59. Kd6 {[%emt 0:03:46]} Kc3 {
[%emt 0:00:16]} 60. bxc4 {[%emt 0:00:27]} dxc4 {[%emt 0:00:30]} 61. Kc5 1-0

[Event "Tournoi MI ECAM LaSalle Lyon 2024"]
[Site "France, Lyon"]
[Date "2024.04.23"]
[Round "3.1"]
[White "Roux, Baptiste"]
[Black "Flear, Glenn C"]
[Result "1/2-1/2"]
[WhiteElo "2361"]
[BlackElo "2400"]
[PlyCount "102"]
[EventDate "2024.04.??"]
[EventType "tourn"]

1. e4 {[%emt 0:02:11]} e5 {[%emt 0:00:11]} 2. Nf3 {[%emt 0:00:24]} Nc6 {
[%emt 0:00:09]} 3. Bb5 {[%emt 0:00:10]} a6 {[%emt 0:00:10]} 4. Ba4 {
[%emt 0:00:03]} Nf6 {[%emt 0:00:10]} 5. O-O {[%emt 0:00:08]} b5 {[%emt 0:01:01]
} 6. Bb3 {[%emt 0:00:06]} Bc5 {[%emt 0:00:10]} 7. c3 {[%emt 0:00:28]} d6 {
[%emt 0:00:07]} 8. d4 {[%emt 0:00:06]} Bb6 {[%emt 0:00:08]} 9. a4 {
[%emt 0:00:06]} Rb8 {[%emt 0:00:31]} 10. axb5 {[%emt 0:00:41]} axb5 {
[%emt 0:00:08]} 11. Qd3 {[%emt 0:00:06]} O-O {[%emt 0:05:03]} 12. Bg5 {
[%emt 0:00:14]} h6 {[%emt 0:01:58]} 13. Bxf6 {[%emt 0:00:55]} Qxf6 {
[%emt 0:00:20]} 14. Qxb5 {[%emt 0:00:48]} Ne7 {[%emt 0:41:09]} 15. dxe5 {
[%emt 0:05:03]} Qf4 {[%emt 0:05:30]} 16. Qe2 {[%emt 0:12:28]} dxe5 {
[%emt 0:04:21]} 17. Nbd2 {[%emt 0:06:09]} Ng6 {[%emt 0:01:22]} 18. g3 {
[%emt 0:07:09]} Qg4 {[%emt 0:09:32]} 19. Kh1 {[%emt 0:00:13]} Qh5 {
[%emt 0:00:39]} 20. Ng1 {[%emt 0:02:50]} Qxe2 {[%emt 0:00:53]} 21. Nxe2 {
[%emt 0:00:02]} Bh3 {[%emt 0:00:18]} 22. Rfb1 {[%emt 0:05:13]} Bxf2 {
[%emt 0:03:37]} 23. Bc4 {[%emt 0:00:05]} Rfd8 {[%emt 0:02:29]} 24. Nf3 {
[%emt 0:01:25]} Rd6 {[%emt 0:00:55]} 25. b3 {[%emt 0:06:56]} Rbd8 {
[%emt 0:03:29]} 26. Neg1 {[%emt 0:02:24]} Be6 {[%emt 0:04:03]} 27. Bxe6 {
[%emt 0:02:26]} Rxe6 {[%emt 0:00:05]} 28. Rd1 {[%emt 0:01:15]} Red6 {
[%emt 0:00:37]} 29. Rxd6 {[%emt 0:00:06]} Rxd6 {[%emt 0:00:11]} 30. Kg2 {
[%emt 0:00:07]} Bxg1 {[%emt 0:03:43]} 31. Rxg1 {[%emt 0:00:23]} f6 {
[%emt 0:01:20]} 32. Kf2 {[%emt 0:00:51]} Nf8 {[%emt 0:00:41]} 33. Ke2 {
[%emt 0:03:18]} Nd7 {[%emt 0:02:53]} 34. b4 {[%emt 0:02:19]} Ra6 {
[%emt 0:02:00]} 35. Rd1 {[%emt 0:01:48]} Nb6 {[%emt 0:00:22]} 36. Rd8+ {
[%emt 0:06:25]} Kf7 {[%emt 0:00:06]} 37. Nd2 {[%emt 0:00:53]} Ra2 {
[%emt 0:05:50]} 38. Kd3 {[%emt 0:02:18]} Ke7 {[%emt 0:00:27]} 39. Rg8 {
[%emt 0:00:16]} Kf7 {[%emt 0:00:24]} 40. Rb8 {[%emt 0:00:08]} Ke7 {
[%emt 0:00:27]} 41. c4 {[%emt 0:07:43]} Ra3+ {[%emt 0:05:34]} 42. Kc2 {
[%emt 0:03:51]} Ra2+ {[%emt 0:04:18]} 43. Kc1 {[%emt 0:02:38]} Na4 {
[%emt 0:00:51]} 44. Rg8 {[%emt 0:05:31]} g5 {[%emt 0:00:33]} 45. Rg7+ {
[%emt 0:02:06]} Kd8 {[%emt 0:01:34]} 46. Rf7 {[%emt 0:06:02]} Nc3 {
[%emt 0:00:29]} 47. Rxf6 {[%emt 0:00:12]} Ne2+ {[%emt 0:00:30]} 48. Kd1 {
[%emt 0:00:05]} Nd4 {[%emt 0:01:03]} 49. Ke1 {[%emt 0:00:18]} Ra1+ {
[%emt 0:00:47]} 50. Kf2 {[%emt 0:00:10]} Ra2 {[%emt 0:00:08]} 51. Ke1 {
[%emt 0:00:04]} Ra1+ 1/2-1/2

[Event "Tournoi MI ECAM LaSalle Lyon 2024"]
[Site "France, Lyon"]
[Date "2024.04.23"]
[Round "3.2"]
[White "Song, Julien"]
[Black "Dgebuadze, Alexandre"]
[Result "0-1"]
[WhiteElo "2311"]
[BlackElo "2449"]
[PlyCount "98"]
[EventDate "2024.04.??"]
[EventType "tourn"]

1. d4 {[%emt 0:03:01]} d6 {[%emt 0:00:07]} 2. Nf3 {[%emt 0:00:27]} Nf6 {
[%emt 0:00:15]} 3. c4 {[%emt 0:00:22]} g6 {[%emt 0:00:06]} 4. Nc3 {
[%emt 0:00:21]} Bf5 {[%emt 0:00:07]} 5. Qb3 {[%emt 0:00:51]} b6 {[%emt 0:00:12]
} 6. h3 {[%emt 0:13:27]} Bg7 {[%emt 0:04:40]} 7. g4 {[%emt 0:00:30]} Bd7 {
[%emt 0:00:26]} 8. Bg2 {[%emt 0:07:05]} Nc6 {[%emt 0:00:13]} 9. Qd1 {
[%emt 0:03:36]} O-O {[%emt 0:03:46]} 10. O-O {[%emt 0:24:47]} Re8 {
[%emt 0:13:04]} 11. Rb1 {[%emt 0:08:05]} Qc8 {[%emt 0:03:01]} 12. e3 {
[%emt 0:03:34]} h5 {[%emt 0:01:25]} 13. Nh2 {[%emt 0:00:43]} hxg4 {
[%emt 0:04:14]} 14. hxg4 {[%emt 0:00:10]} e5 {[%emt 0:00:18]} 15. d5 {
[%emt 0:03:26]} Na5 {[%emt 0:01:14]} 16. g5 {[%emt 0:00:20]} Nh7 {
[%emt 0:00:09]} 17. e4 {[%emt 0:00:25]} Nxc4 {[%emt 0:05:11]} 18. Qd3 {
[%emt 0:05:29]} b5 {[%emt 0:02:56]} 19. b3 {[%emt 0:00:38]} Nb6 {[%emt 0:00:15]
} 20. Nxb5 {[%emt 0:02:15]} Qd8 {[%emt 0:00:43]} 21. Nf3 {[%emt 0:02:06]} Bf8 {
[%emt 0:05:02]} 22. Be3 {[%emt 0:02:14]} Nxd5 {[%emt 0:02:49]} 23. Qxd5 {
[%emt 0:03:03]} c6 {[%emt 0:00:12]} 24. Qd2 {[%emt 0:00:36]} cxb5 {
[%emt 0:00:06]} 25. Rfc1 {[%emt 0:00:45]} Be7 {[%emt 0:02:10]} 26. Rc2 {
[%emt 0:02:31]} Bg4 {[%emt 0:02:42]} 27. Rc6 {[%emt 0:05:02]} Bxf3 {
[%emt 0:03:12]} 28. Bxf3 {[%emt 0:00:03]} Bxg5 {[%emt 0:00:12]} 29. Rxd6 {
[%emt 0:04:10]} Bxe3 {[%emt 0:02:21]} 30. Rxd8 {[%emt 0:01:11]} Bxd2 {
[%emt 0:00:08]} 31. Rxd2 {[%emt 0:00:03]} Ng5 {[%emt 0:00:05]} 32. Kg2 {
[%emt 0:04:40]} Rad8 {[%emt 0:07:14]} 33. Rbd1 {[%emt 0:00:17]} Ne6 {
[%emt 0:00:43]} 34. Bg4 {[%emt 0:00:58]} Rxd2 {[%emt 0:02:28]} 35. Rxd2 {
[%emt 0:00:01]} Nd4 {[%emt 0:00:54]} 36. Rd1 {[%emt 0:00:03]} Kg7 {
[%emt 0:07:02]} 37. Rc1 {[%emt 0:00:09]} Kf6 {[%emt 0:02:15]} 38. Kg3 {
[%emt 0:00:50]} Re6 {[%emt 0:01:42]} 39. Rc7 {[%emt 0:01:31]} Ra6 {
[%emt 0:01:54]} 40. f4 {[%emt 0:00:32]} Rxa2 {[%emt 0:02:50]} 41. Rc5 {
[%emt 0:14:17]} exf4+ {[%emt 0:12:50]} 42. Kxf4 {[%emt 0:00:19]} Rg2 {
[%emt 0:07:32]} 43. e5+ {[%emt 0:08:50]} Kg7 {[%emt 0:00:35]} 44. Bh3 {
[%emt 0:03:09]} Rb2 {[%emt 0:03:38]} 45. Rc7 {[%emt 0:02:56]} Rxb3 {
[%emt 0:00:50]} 46. Bg4 {[%emt 0:00:02]} Rb4 {[%emt 0:03:04]} 47. Kg5 {
[%emt 0:03:57]} Rc4 {[%emt 0:00:48]} 48. Rd7 {[%emt 0:00:24]} Nc6 {
[%emt 0:03:46]} 49. e6 {[%emt 0:00:36]} Ne5 {[%emt 0:00:13]} 0-1

[Event "Tournoi MI ECAM LaSalle Lyon 2024"]
[Site "France, Lyon"]
[Date "2024.04.23"]
[Round "3.3"]
[White "Breuil, Tristan"]
[Black "Waldhausen Gordon, Frederick"]
[Result "1/2-1/2"]
[WhiteElo "2281"]
[BlackElo "2362"]
[PlyCount "79"]
[EventDate "2024.04.??"]
[EventType "tourn"]

1. e4 {[%emt 0:00:36]} e5 {[%emt 0:00:06]} 2. Nf3 {[%emt 0:00:09]} Nc6 {
[%emt 0:00:06]} 3. Bb5 {[%emt 0:00:04]} a6 {[%emt 0:00:04]} 4. Ba4 {
[%emt 0:00:07]} Nf6 {[%emt 0:00:04]} 5. O-O {[%emt 0:00:10]} Be7 {
[%emt 0:00:05]} 6. d3 {[%emt 0:00:20]} b5 {[%emt 0:00:09]} 7. Bb3 {
[%emt 0:00:01]} O-O {[%emt 0:00:11]} 8. a4 {[%emt 0:03:40]} Bb7 {[%emt 0:01:05]
} 9. Nc3 {[%emt 0:01:25]} b4 {[%emt 0:01:56]} 10. Nd5 {[%emt 0:00:25]} Na5 {
[%emt 0:00:47]} 11. Nxe7+ {[%emt 0:00:27]} Qxe7 {[%emt 0:00:26]} 12. Ba2 {
[%emt 0:00:02]} h6 {[%emt 0:01:58]} 13. Re1 {[%emt 0:04:03]} c5 {[%emt 0:01:40]
} 14. c3 {[%emt 0:09:18]} Rfe8 {[%emt 0:07:40]} 15. Be3 {[%emt 0:17:03]} d5 16.
cxb4 {[%emt 0:10:06]} cxb4 {[%emt 0:00:38]} 17. Bb6 {[%emt 0:06:49]} b3 {
[%emt 0:12:33]} 18. Bb1 {[%emt 0:13:29]} dxe4 {[%emt 0:02:19]} 19. dxe4 {
[%emt 0:02:43]} Nc4 {[%emt 0:00:12]} 20. Qxb3 {[%emt 0:00:33]} Nxb6 {
[%emt 0:00:12]} 21. Qxb6 {[%emt 0:00:22]} Rab8 {[%emt 0:00:21]} 22. Qa5 {
[%emt 0:03:58]} Ba8 {[%emt 0:03:12]} 23. Bd3 {[%emt 0:13:13]} Rxb2 {
[%emt 0:02:34]} 24. Rac1 {[%emt 0:06:22]} Qd7 {[%emt 0:15:46]} 25. Qc3 {
[%emt 0:03:52]} Rb6 {[%emt 0:07:24]} 26. Nxe5 {[%emt 0:01:03]} Qxa4 {
[%emt 0:02:33]} 27. Bc4 {[%emt 0:04:25]} Rf8 {[%emt 0:02:11]} 28. Bxf7+ {
[%emt 0:02:45]} Rxf7 {[%emt 0:00:25]} 29. Nxf7 {[%emt 0:00:15]} Kxf7 {
[%emt 0:00:54]} 30. Qc7+ {[%emt 0:00:23]} Nd7 {[%emt 0:00:06]} 31. Red1 {
[%emt 0:01:07]} Rb7 {[%emt 0:00:32]} 32. Qc8 {[%emt 0:00:45]} Ra7 {
[%emt 0:00:40]} 33. Rd3 {[%emt 0:00:42]} Bxe4 {[%emt 0:00:56]} 34. Rdc3 {
[%emt 0:01:44]} Nf6 35. h4 {[%emt 0:01:28]} Qe8 {[%emt 0:03:10]} 36. Qh3 {
[%emt 0:00:01]} Qe5 {[%emt 0:01:36]} 37. Rc5 {[%emt 0:00:29]} Bd5 {
[%emt 0:01:20]} 38. Qd3 {[%emt 0:00:34]} Re7 {[%emt 0:00:52]} 39. Rd1 {
[%emt 0:00:48]} Qe4 {[%emt 0:00:47]} 40. Rxd5 {[%emt 0:00:55]} 1/2-1/2

[Event "Tournoi MI ECAM LaSalle Lyon 2024"]
[Site "France, Lyon"]
[Date "2024.04.23"]
[Round "3.4"]
[White "Mathieu, Phileas"]
[Black "Dudognon, Thibault"]
[Result "0-1"]
[WhiteElo "2325"]
[BlackElo "2415"]
[PlyCount "84"]
[EventDate "2024.04.??"]
[EventType "tourn"]

1. e4 {[%emt 0:00:12]} c5 {[%emt 0:00:11]} 2. Nf3 {[%emt 0:00:06]} d6 {
[%emt 0:00:07]} 3. d4 {[%emt 0:00:12]} cxd4 {[%emt 0:00:08]} 4. Nxd4 {
[%emt 0:00:03]} Nf6 {[%emt 0:00:07]} 5. Nc3 {[%emt 0:00:04]} a6 {[%emt 0:00:05]
} 6. Bg5 {[%emt 0:00:04]} e6 {[%emt 0:00:29]} 7. Qf3 {[%emt 0:00:10]} h6 {
[%emt 0:01:32]} 8. Bd2 {[%emt 0:03:48]} Qb6 {[%emt 0:01:41]} 9. Nb3 {
[%emt 0:02:21]} Nbd7 {[%emt 0:04:11]} 10. O-O-O {[%emt 0:04:11]} Qc7 {
[%emt 0:03:32]} 11. Bd3 {[%emt 0:25:31]} Ne5 {[%emt 0:05:03]} 12. Qg3 {
[%emt 0:00:37]} b5 {[%emt 0:00:10]} 13. f4 {[%emt 0:08:21]} Nxd3+ {
[%emt 0:00:54]} 14. Qxd3 {[%emt 0:00:13]} b4 {[%emt 0:01:24]} 15. Ne2 {
[%emt 0:03:19]} a5 {[%emt 0:02:49]} 16. Kb1 {[%emt 0:02:33]} Ba6 {
[%emt 0:02:49]} 17. Qf3 {[%emt 0:00:44]} Bb7 {[%emt 0:00:10]} 18. Ng3 {
[%emt 0:00:32]} Be7 {[%emt 0:06:42]} 19. Rhe1 O-O {[%emt 0:02:51]} 20. Nd4 {
[%emt 0:02:07]} Rfc8 {[%emt 0:03:07]} 21. Rc1 {[%emt 0:11:32]} Qc4 {
[%emt 0:06:33]} 22. c3 {[%emt 0:05:49]} d5 {[%emt 0:03:15]} 23. e5 {
[%emt 0:02:30]} Ne4 {[%emt 0:00:12]} 24. Red1 {[%emt 0:01:54]} Nxd2+ {
[%emt 0:03:20]} 25. Rxd2 {[%emt 0:00:05]} a4 {[%emt 0:00:35]} 26. Qg4 {
[%emt 0:13:08]} a3 {[%emt 0:08:25]} 27. b3 {[%emt 0:04:11]} Qa6 {[%emt 0:01:19]
} 28. Nh5 {[%emt 0:01:08]} g6 {[%emt 0:00:48]} 29. f5 {[%emt 0:01:09]} exf5 {
[%emt 0:00:55]} 30. Nxf5 {[%emt 0:00:22]} Bg5 {[%emt 0:01:03]} 31. Nf6+ {
[%emt 0:04:35]} Kh8 {[%emt 0:08:02]} 32. Nd6 {[%emt 0:00:37]} Bxd2 {
[%emt 0:02:02]} 33. Nxf7+ {[%emt 0:00:18]} Kg7 {[%emt 0:00:01]} 34. Nh5+ {
[%emt 0:00:15]} Kf8 {[%emt 0:01:37]} 35. c4 {[%emt 0:01:13]} gxh5 {
[%emt 0:01:25]} 36. Qf5 {[%emt 0:00:02]} Kg7 {[%emt 0:02:16]} 37. e6 {
[%emt 0:01:09]} Bxc1 {[%emt 0:03:46]} 38. Ne5 {[%emt 0:00:51]} Rc7 {
[%emt 0:03:12]} 39. Qg6+ {[%emt 0:01:04]} Kh8 {[%emt 0:00:34]} 40. Kxc1 {
[%emt 0:00:42]} Rf8 {[%emt 0:04:49]} 41. Qxh6+ {[%emt 0:01:44]} Kg8 {
[%emt 0:00:32]} 42. Ng6 {[%emt 0:00:10]} Rxc4+ {
Ne5 [%emt 00:00:32] [%emt 0:00:54]} 0-1

[Event "Tournoi MI ECAM LaSalle Lyon 2024"]
[Site "France, Lyon"]
[Date "2024.04.23"]
[Round "3.5"]
[White "Peng, Li Min"]
[Black "Prie, Eric"]
[Result "1-0"]
[WhiteElo "2544"]
[BlackElo "2335"]
[PlyCount "59"]
[EventDate "2024.04.??"]
[EventType "tourn"]

1. d4 {[%emt 0:00:05]} d5 {[%emt 0:01:46]} 2. c4 {[%emt 0:00:09]} e6 {
[%emt 0:02:58]} 3. Nc3 {[%emt 0:00:14]} c5 {[%emt 0:01:25]} 4. cxd5 {
[%emt 0:02:58]} exd5 {[%emt 0:00:45]} 5. Nf3 {[%emt 0:00:07]} Nc6 {
[%emt 0:00:35]} 6. g3 {[%emt 0:00:11]} Nf6 {[%emt 0:03:38]} 7. Bg2 {
[%emt 0:00:07]} c4 {[%emt 0:04:05]} 8. O-O {[%emt 0:02:08]} Bb4 {[%emt 0:04:33]
} 9. Bg5 {[%emt 0:00:10]} Be6 {[%emt 0:23:03]} 10. e4 {[%emt 0:04:41]} Bxc3 {
[%emt 0:03:38]} 11. bxc3 {[%emt 0:00:09]} dxe4 {[%emt 0:00:08]} 12. Nd2 {
[%emt 0:00:39]} Qa5 {[%emt 0:00:54]} 13. Bxf6 {[%emt 0:00:20]} gxf6 {
[%emt 0:00:09]} 14. Nxe4 {[%emt 0:00:07]} O-O-O {[%emt 0:03:14]} 15. Qf3 {
[%emt 0:03:29]} Qf5 {[%emt 0:08:20]} 16. Qxf5 {[%emt 0:00:25]} Bxf5 {
[%emt 0:00:11]} 17. Nxf6 {[%emt 0:00:06]} Rd6 {[%emt 0:03:39]} 18. Nd5 {
[%emt 0:00:58]} Rhd8 {[%emt 0:00:22]} 19. Ne3 {[%emt 0:01:08]} Bd3 {
[%emt 0:00:31]} 20. Rfe1 {[%emt 0:00:07]} b5 {[%emt 0:00:43]} 21. a4 {
[%emt 0:01:15]} b4 {[%emt 0:00:20]} 22. d5 {[%emt 0:00:09]} Na5 {[%emt 0:01:47]
} 23. cxb4 {[%emt 0:00:12]} Nb3 {[%emt 0:00:20]} 24. Ra3 {[%emt 0:00:36]} Rb6 {
[%emt 0:01:11]} 25. b5 {[%emt 0:00:19]} a6 {[%emt 0:00:18]} 26. bxa6 {
[%emt 0:02:49]} Kb8 {[%emt 0:01:47]} 27. Bf1 {[%emt 0:01:48]} Nd2 {
[%emt 0:00:29]} 28. Bxd3 {[%emt 0:03:59]} Nf3+ {[%emt 0:03:00]} 29. Kf1 {
[%emt 0:00:08]} Nxe1 {[%emt 0:08:25]} 30. Nxc4 {[%emt 0:00:05]} 1-0

[Event "Tournoi MI ECAM LaSalle Lyon 2024"]
[Site "France, Lyon"]
[Date "2024.04.24"]
[Round "4.1"]
[White "Waldhausen Gordon, Frederick"]
[Black "Mathieu, Phileas"]
[Result "1-0"]
[WhiteElo "2362"]
[BlackElo "2325"]
[PlyCount "67"]
[EventDate "2024.04.??"]
[EventType "tourn"]

1. d4 {[%emt 19:09:44]} Nf6 {[%emt 0:02:07]} 2. c4 {[%emt 0:00:06]} c5 {
[%emt 0:00:02]} 3. d5 {[%emt 0:00:04]} b5 4. cxb5 {[%emt 0:00:06]} a6 {
[%emt 0:00:03]} 5. bxa6 {[%emt 0:00:04]} g6 {[%emt 0:00:17]} 6. Nc3 {
[%emt 0:00:05]} Bxa6 {[%emt 0:02:42]} 7. e4 {[%emt 0:00:26]} Bxf1 {
[%emt 0:00:08]} 8. Kxf1 {[%emt 0:00:05]} d6 {[%emt 0:00:03]} 9. g3 {
[%emt 0:00:14]} Bg7 {[%emt 0:00:05]} 10. Kg2 {[%emt 0:00:12]} O-O {
[%emt 0:00:05]} 11. Nf3 {[%emt 0:00:21]} Nbd7 {[%emt 0:00:39]} 12. a4 {
[%emt 0:00:31]} Qb6 {[%emt 0:10:45]} 13. Re1 {[%emt 0:02:46]} Ng4 {
[%emt 0:05:28]} 14. Nb5 {[%emt 0:22:11]} c4 {[%emt 0:11:25]} 15. Qc2 {
[%emt 0:01:59]} f5 {[%emt 0:03:17]} 16. Be3 {[%emt 0:11:46]} Nxe3+ {
[%emt 0:01:35]} 17. Rxe3 {[%emt 0:00:17]} f4 {[%emt 0:33:03]} 18. Ree1 {
[%emt 0:05:49]} Nc5 {[%emt 0:07:30]} 19. Qxc4 {[%emt 0:04:09]} fxg3 {
[%emt 0:03:55]} 20. fxg3 {[%emt 0:00:48]} Bxb2 {[%emt 0:01:04]} 21. Ra2 {
[%emt 0:06:26]} Rxf3 {[%emt 0:09:10]} 22. Kxf3 {[%emt 0:00:24]} Rf8+ {
[%emt 0:00:04]} 23. Kg2 {[%emt 0:01:59]} Rf2+ 24. Kh1 {[%emt 0:04:01]} Qa5 {
[%emt 0:06:00]} 25. Re2 {[%emt 0:00:31]} Rf1+ {[%emt 0:00:07]} 26. Kg2 {
[%emt 0:00:07]} Rc1 {[%emt 0:00:02]} 27. Rc2 {[%emt 0:00:22]} Qe1 {
[%emt 0:00:36]} 28. Raxb2 {[%emt 0:01:32]} Qh1+ {[%emt 0:00:47]} 29. Kh3 {
[%emt 0:00:08]} Nxe4 {[%emt 0:00:02]} 30. Rxc1 {[%emt 0:01:19]} Ng5+ {
[%emt 0:00:19]} 31. Kh4 {[%emt 0:00:08]} Nf3+ {[%emt 0:00:02]} 32. Kg4 {
[%emt 0:00:10]} Ne5+ {[%emt 0:00:46]} 33. Kh3 {[%emt 0:00:23]} Qf3 {
[%emt 0:00:18]} 34. Qf4 {[%emt 0:00:18]} 1-0